[Event "Erfurt MT op 26th"]
[Site "Erfurt"]
[Date "2016.12.27"]
[Round "2"]
[White "Thinius, Marco"]
[Black "Haag, Wolfgang"]
[Result "0-1"]
[WhiteElo "2357"]
[BlackElo "2184"]
[PlyCount "80"]
[EventDate "2016.12.26"]
[EventType "swiss"]
[EventRounds "8"]
[EventCountry "GER"]
[SourceTitle "CBM 176 Extra"]
[Source "ChessBase"]
[SourceDate "2017.03.02"]
[SourceVersion "1"]
[SourceVersionDate "2017.03.02"]
[SourceQuality "1"]

1. Nf3 Nf6 2. c4 g6 3. Nc3 Bg7 4. e4 d6 5. d4 0-0 6. Be2 c6 7. 0-0 a5 8. Re1 Na6 9. h3 Nd7 10. a3 e5 11. Bg5 Bf6 12. Bh6 Bg7 13. Bxg7 Kxg7 14. b4 Qf6 15. Qd2 Nc7 16. d5 c5 17. bxa5 Qd8 18. Qb2 Rxa5 19. Nd2 Kg8 20. Nb5 Nxb5 21. cxb5 Nb6 22. Bd1 Bd7 23. a4 Qg5 24. Re3 Rfa8 25. Raa3 Nxa4 26. Bxa4 Rxa4 27. Nc4 Qe7 28. Reb3 Be8 29. Qc3 Qd8 30. b6 R8a6 31. Rxa4 Rxa4 32. Ra3 Rxa3 33. Qxa3 Bb5 34. Qa7 Ba6 35. Na5 Qc8 36. Nc6 Kf8 37. f3 c4 38. Kf2 c3 39. Ke1 c2 40. Kd2 bxc6 0-1

[Event "Erfurt op 24th"]
[Site "Erfurt"]
[Date "2014.12.27"]
[Round "3"]
[White "Haag, Wolfgang"]
[Black "Koepke, Elena"]
[Result "0-1"]
[WhiteElo "2216"]
[BlackElo "2292"]
[PlyCount "86"]
[EventDate "2014.12.26"]
[EventType "swiss"]
[EventRounds "8"]
[EventCountry "GER"]
[SourceTitle "CBM 164 Extra"]
[Source "ChessBase"]
[SourceDate "2015.03.02"]
[SourceVersion "1"]
[SourceVersionDate "2015.03.02"]
[SourceQuality "1"]

1. f4 d5 2. Nf3 Bg4 3. e3 Nf6 4. h3 Bxf3 5. Qxf3 Nbd7 6. g4 c6 7. g5 Ne4 8. d3 Nd6 9. e4 e6 10. Nc3 Qb6 11. Qf2 h6 12. Qxb6 axb6 13. gxh6 g6 14. Bg2 Bxh6 15. Bd2 Bg7 16. a3 dxe4 17. dxe4 Nc4 18. 0-0-0 Nxd2 19. Kxd2 Rh4 20. Rhf1 Bh6 21. Ne2 e5 22. Ke1 Bxf4 23. Nxf4 exf4 24. Rf3 Ne5 25. Rb3 b5 26. Kf2 Ra4 27. Rd2 f3 28. Bxf3 Rxh3 29. Bg2 Rxb3 30. cxb3 Ra8 31. Ke3 Ke7 32. Bf1 f6 33. Rg2 Rh8 34. b4 Rh4 35. Kd4 b6 36. Ke3 Rh3+ 37. Kd2 Rb3 38. Kc2 Re3 39. Re2 Rf3 40. Bg2 Rg3 41. b3 c5 42. bxc5 bxc5 43. Kb2 Nd3+ 0-1

[Event "Nuremberg Zabo op 16th"]
[Site "Nuremberg"]
[Date "2014.09.19"]
[Round "1"]
[White "Hoffmann, Sebastian1111"]
[Black "Haag, Wolfgang"]
[Result "0-1"]
[WhiteElo "1681"]
[BlackElo "2188"]
[PlyCount "60"]
[EventDate "2014.09.19"]
[EventType "swiss"]
[EventRounds "5"]
[EventCountry "GER"]
[SourceTitle "EXT 2018"]
[Source "ChessBase"]
[SourceDate "2017.10.13"]
[SourceVersion "1"]
[SourceVersionDate "2017.10.13"]
[SourceQuality "1"]

1. e4 c5 2. c3 Nf6 3. e5 Nd5 4. d4 cxd4 5. Nf3 e6 6. cxd4 b6 7. Nc3 Nxc3 8. bxc3 Qc7 9. Qb3 Bb7 10. Ba3 Nc6 11. Bxf8 Rxf8 12. Bd3 h6 13. Nd2 Nxe5 14. dxe5 Bxg2 15. Rg1 Qxe5+ 16. Be2 Qxh2 17. Rxg2 Qxg2 18. Bf3 Qg1+ 19. Ke2 Qxa1 20. Bxa8 Qc1 21. Ne4 f5 22. Nd6+ Ke7 23. Bf3 Qf4 24. Nc4 Rc8 25. Qa3+ Rc5 26. Nd2 Qe5+ 27. Kd3 g5 28. Kc2 g4 29. Bd1 h5 30. Nb3 Qxc3+ 0-1

[Event "Landesliga Nord 1011"]
[Site "Bayern"]
[Date "2011.02.27"]
[Round "7.4"]
[White "Haag, Wolfgang"]
[Black "Kuznetsov, Volodymyr"]
[Result "1-0"]
[WhiteElo "2184"]
[BlackElo "2128"]
[PlyCount "69"]
[EventDate "2010.10.10"]
[EventType "team-tourn"]
[EventRounds "9"]
[EventCountry "GER"]
[SourceTitle "EXT 2012"]
[Source "ChessBase"]
[SourceDate "2011.11.24"]
[SourceVersion "1"]
[SourceVersionDate "2011.11.24"]
[SourceQuality "1"]
[WhiteTeam "Schweinfurt"]
[BlackTeam "Bindlach II"]
[WhiteTeamCountry "GER"]
[BlackTeamCountry "GER"]

1. d4 Nf6 2. c4 g6 3. Nc3 d5 4. h4 h5 5. Bg5 dxc4 6. e4 Nc6 7. d5 Na5 8. Qa4+ c6 9. b4 Bg7 10. Rd1 Ng4 11. Qc2 Bd7 12. bxa5 Qxa5 13. Bd2 Qc5 14. Nh3 b5 15. Be2 0-0 16. 0-0 a5 17. Nf4 Qd6 18. dxc6 Bxc6 19. Bxg4 hxg4 20. Be3 Qa3 21. Nce2 Rfc8 22. h5 gxh5 23. Nxh5 Bh8 24. Nd4 b4 25. Qe2 Bxe4 26. Qxg4+ Bg6 27. Nf4 Bf6 28. Nxg6 fxg6 29. Qxg6+ Kh8 30. Nf5 Rd8 31. Nh6 Rf8 32. Rd5 Bg7 33. Rh5 Qb2 34. Nf7+ Kg8 35. Rh8# 1-0

[Event "Landesliga Nord 0910"]
[Site "Bayern"]
[Date "2010.01.24"]
[Round "5.3"]
[White "Fuhrmann, Max"]
[Black "Haag, Wolfgang"]
[Result "0-1"]
[WhiteElo "2091"]
[BlackElo "2162"]
[PlyCount "58"]
[EventDate "2009.10.18"]
[EventType "team-tourn"]
[EventRounds "9"]
[EventCountry "GER"]
[SourceTitle "EXT 2011"]
[Source "ChessBase"]
[SourceDate "2010.11.26"]
[SourceVersion "1"]
[SourceVersionDate "2010.11.26"]
[SourceQuality "1"]
[WhiteTeam "Kelheim"]
[BlackTeam "Schweinfurt"]
[WhiteTeamCountry "GER"]
[BlackTeamCountry "GER"]

1. e4 c5 2. Nf3 d6 3. d4 cxd4 4. Nxd4 Nf6 5. Nc3 a6 6. Be2 e6 7. 0-0 Qc7 8. f4 Nc6 9. Be3 Be7 10. Bf3 0-0 11. Qe1 Nxd4 12. Bxd4 e5 13. Be3 exf4 14. Bxf4 Be6 15. Kh1 Nd7 16. Nd5 Bxd5 17. exd5 Bf6 18. c3 Be5 19. Be3 Rae8 20. Qf2 Re7 21. Rad1 Rfe8 22. Bc1 Qc4 23. a3 Bf6 24. Rfe1 Ne5 25. Be2 Qe4 26. Rf1 Bh4 27. Qf4 Qxe2 28. Qxh4 Nd3 29. Qd4 Qxd1 0-1

[Event "Landesliga Nord 0809"]
[Site "Bayern"]
[Date "2008.10.05"]
[Round "1.2"]
[White "Werner, Claus"]
[Black "Haag, Wolfgang"]
[Result "1-0"]
[WhiteElo "2197"]
[BlackElo "2160"]
[PlyCount "140"]
[EventDate "2008.10.05"]
[EventType "team-tourn"]
[EventRounds "9"]
[EventCountry "GER"]
[SourceTitle "EXT 2020"]
[Source "ChessBase"]
[SourceDate "2019.10.17"]
[SourceVersion "1"]
[SourceVersionDate "2019.10.17"]
[SourceQuality "1"]
[WhiteTeam "Neutraubling"]
[BlackTeam "Schweinfurt"]
[WhiteTeamCountry "GER"]
[BlackTeamCountry "GER"]

1. d4 Nf6 2. c4 g6 3. Nc3 Bg7 4. e4 d6 5. Be2 0-0 6. Bg5 c5 7. d5 a6 8. Qd2 Qa5 9. a4 b5 10. cxb5 axb5 11. Bxb5 Ba6 12. Ra3 Qb4 13. Nge2 Bxb5 14. axb5 Rxa3 15. bxa3 Qxa3 16. 0-0 Nbd7 17. Rb1 Nb6 18. Qc2 Ra8 19. h3 Kf8 20. e5 dxe5 21. Rd1 Rd8 22. Bxf6 Bxf6 23. Ne4 c4 24. N2c3 Bg7 25. g4 h6 26. h4 Kg8 27. g5 Qb3 28. Qd2 hxg5 29. hxg5 Qa3 30. Qc2 Qa8 31. d6 exd6 32. Nxd6 Qf3 33. Nce4 Qg4+ 34. Kf1 Qe6 35. Rd2 Ra8 36. Rd1 Ra3 37. Qe2 Rh3 38. Kg2 Rh4 39. Rh1 Rxh1 40. Kxh1 Qh3+ 41. Kg1 Qd3 42. Qxd3 cxd3 43. Kf1 Kf8 44. Ke1 Ke7 45. Kd2 f5 46. gxf6+ Bxf6 47. Kxd3 Bh4 48. Nc4 Nd7 49. Ne3 Ke6 50. Kc4 Be7 51. Nd5 Ba3 52. b6 Kf5 53. Kd3 Ke6 54. Nc7+ Ke7 55. b7 Nb8 56. Kc4 Kd7 57. Nb5 Kc6 58. Nxa3 Kxb7 59. Kd5 Nc6 60. Nc5+ Kc7 61. Nc4 Nb4+ 62. Ke4 Kc6 63. Nd3 Nc2 64. Ncxe5+ Kd6 65. Nxg6 Ke6 66. Ngf4+ Kf6 67. Nd5+ Ke6 68. Nc3 Kf6 69. f4 Ke6 70. f5+ Kf7 1-0

[Event "Oberliga Bayern 0708"]
[Site "Bayern"]
[Date "2007.11.25"]
[Round "3.7"]
[White "Haag, Wolfgang"]
[Black "Doeres, Hans Juergen"]
[Result "1/2-1/2"]
[WhiteElo "2230"]
[BlackElo "2240"]
[PlyCount "58"]
[EventDate "2007.10.21"]
[EventType "team-tourn"]
[EventRounds "9"]
[EventCountry "GER"]
[SourceTitle "EXT 2009"]
[Source "ChessBase"]
[SourceDate "2008.11.26"]
[SourceVersion "1"]
[SourceVersionDate "2008.11.26"]
[SourceQuality "1"]
[WhiteTeam "Bamberg"]
[BlackTeam "Forchheim"]
[WhiteTeamCountry "GER"]
[BlackTeamCountry "GER"]

1. d4 d5 2. c4 c6 3. Nf3 Nf6 4. Nc3 a6 5. h3 Bf5 6. Qb3 Ra7 7. cxd5 Nxd5 8. e4 Nxc3 9. exf5 Nd5 10. Bd3 Nd7 11. 0-0 g6 12. Re1 Bg7 13. Bg5 0-0 14. Re2 N7f6 15. Rae1 Qc7 16. Ne5 Re8 17. a3 Raa8 18. fxg6 hxg6 19. Nxg6 fxg6 20. Bxg6 Red8 21. Rxe7 Rd7 22. R7e6 Rf8 23. Bb1 Nh7 24. Be7 Re8 25. Qd3 Rdxe7 26. Qxh7+ Kf8 27. Qf5+ Kg8 28. Qh7+ Kf8 29. Qf5+ Kg8 1/2-1/2

[Event "BL2-Ost 0607"]
[Site "Germany"]
[Date "2006.10.15"]
[Round "1.6"]
[White "Haag, Wolfgang"]
[Black "Ortmann, David"]
[Result "1-0"]
[WhiteElo "2260"]
[BlackElo "2290"]
[PlyCount "51"]
[EventDate "2006.10.15"]
[EventType "team-tourn"]
[EventRounds "9"]
[EventCountry "GER"]
[SourceTitle "EXT 2008"]
[Source "ChessBase"]
[SourceDate "2007.11.25"]
[SourceVersion "1"]
[SourceVersionDate "2007.11.25"]
[SourceQuality "1"]
[WhiteTeam "Bamberg"]
[BlackTeam "Schoeneck"]
[WhiteTeamCountry "GER"]
[BlackTeamCountry "GER"]

1. d4 d5 2. c4 c6 3. Nf3 Nf6 4. Nc3 dxc4 5. a4 Bf5 6. e3 e6 7. Bxc4 Bb4 8. 0-0 0-0 9. Nh4 Nbd7 10. Nxf5 exf5 11. Bd2 Qa5 12. Be1 Rac8 13. Qb3 c5 14. Nd5 Nxd5 15. Bxd5 Bxe1 16. Rfxe1 Rc7 17. Red1 Nb6 18. Bf3 cxd4 19. Rxd4 Rfc8 20. g3 g6 21. Rad1 Kg7 22. Kg2 Qc5 23. Rb4 Rb8 24. Rdd4 Qe7 25. Rb5 Nc4 26. Rxc4 1-0